All the Geography I know by Letter-J - Statistics

General Stats
  • This quiz has been taken 74 times
  • The average score is 11 of 17
Answer Stats
Hint Answer % Correct
Capital of Indonesia Jakarta
97%
Capital of Israel Jerusalem
92%
Island country in Northern Asia Japan
89%
Country in the Middle East Jordan
89%
City in South Africa Johannesburg
88%
Island that Capital is located on Java
86%
Capital of Mississippi Jackson
78%
City in Saudi Arabia Jeddah
78%
Biggest city in Florida Jacksonville
72%
Island in the English Channel Jersey
72%
Capital of South Sudan Juba
69%
City in India Jaipur
63%
City in Israel Jericho
26%
Region in the Himalayas that is being fought over Jammu
23%
City in Nigeria Jos
12%
City in Brazil Joao Pessoa
11%
City in Finland Jyvaskyla
11%
No matching quizzes found
Score Distribution
Percent of People with Each Score
Percentile by Number Answered
Your Score History
You have not taken this quiz